Las Islas Malvinas : Archipiélago Argentino /
Guardado en:
| Autor Principal: | |
|---|---|
| Otros Autores: | |
| Formato: | Libro |
| Idioma: | Undetermined |
| Publicado: |
Buenos Aires :
Claridad,
1970.
|
| Series: | Claridad. Ciencias Políticas
|
| Materias: | |
| Etiquetas: |
Agregar Etiqueta
Sin Etiquetas, Sea el primero en etiquetar este registro!
|
| LEADER | 01013nam a22002055a 4500 | ||
|---|---|---|---|
| 001 | CEM.cems019034 | ||
| 008 | 220308s1970####ag############000#0#und#d | ||
| 005 | 20220308175239.0 | ||
| 003 | CEMS | ||
| 245 | 1 | 0 | |a Las Islas Malvinas : |b Archipiélago Argentino / |c Alfredo L. Palacios ; prólogo de Jorge Cabral Texo. |
| 260 | |a Buenos Aires : |b Claridad, |c 1970. | ||
| 300 | |a 110 p. | ||
| 490 | 1 | |a Claridad. Ciencias Políticas | |
| 505 | 0 | |a La Argentina frente al Imperio Británico -- La jurisdicción argentina en el Archipiélago -- El atropello de la Lexington -- La reclamación argentina ante los EEUU -- La violación de nuestra soberanía por Inglaterra -- El descubrimiento -- La ocupación -- El convenio de 1771 -- El derecho de la Argentina -- El idealismo argentino -- Homenaje a Paúl Groussac | |
| 100 | 1 | |a Palacios, Alfredo L. | |
| 700 | 1 | |a Cabral Texo, Jorge, pról. | |
| 653 | |a Historia | ||
| 653 | |a Historia Argentina | ||
| 653 | |a Malvinas | ||
| 859 | |a CEMS |b BIB. CEMS - 11 de abril |h 327.82 |i P171 |p 29187.22 |t Ej. 1 | ||
